MARC details
| 000 -МАРКЕР |
| контрольное поле |
03216nam0a22003491i 4500 |
| 001 - ИДЕНТИФИКАТОР ЗАПИСИ |
| контрольное поле |
RU\VMP\17358 |
| 005 - ИДЕНТИФИКАТОР ВЕРСИИ |
| контрольное поле |
20250106131820.0 |
| 035 ## - ДРУГИЕ СИСТЕМНЫЕ НОМЕРА |
| Идентификатор записи |
(РНБ)rc\1323447 |
| 100 ## - ДАННЫЕ ОБЩЕЙ ОБРАБОТКИ |
| Данные общей обработки |
20140617d1837 |||y0rusy5089 ca |
| 101 0# - ЯЗЫК РЕСУРСА |
| Язык текста, звукозаписи и т.д. |
русский |
| 102 ## - СТРАНА ПУБЛИКАЦИИ ИЛИ ПРОИЗВОДСТВА |
| Страна публикации |
российская федерация |
| 105 ## - ПОЛЕ КОДИРОВАННЫХ ДАННЫХ: ТЕКСТОВЫЕ МАТЕРИАЛЫ, МОНОГРАФИЧЕСКИЕ |
| Кодированные данные о монографическом текстовом документе |
a z |||a| |
| 200 1# - ЗАГЛАВИЕ И СВЕДЕНИЯ ОБ ОТВЕТСТВЕННОСТИ |
| Основное заглавие |
Ундина |
| Сведения, относящиеся к заглавию |
Старинная повесть, рассказанная на немецком языке в прозе бароном Ф. Ламотт Фуке, на русском в стихах, В. Жуковским. |
| Первые сведения об ответственности |
[Ил. Майделя] |
| 210 ## - ПУБЛИКАЦИЯ, РАСПРОСТРАНЕНИЕ И ДР. |
| Место издания, распространения и т.д. |
Санктпетербург |
| Имя издателя, распространителя и т. д. |
В типографии Экспедиции заготовления государственных бумаг |
| Дата издания, распространения и т.д. |
1837 |
| 215 ## - ФИЗИЧЕСКАЯ ХАРАКТЕРИСТИКА |
| Специфическое обозначение материала и объем |
[2], 244 с., 1 л. фронт. (ил.), 19 л. ил. |
| Размеры |
24 |
| 300 ## - ОБЩИЕ ПРИМЕЧАНИЯ |
| Текст примечания |
С. 241 ошибочно помечена: 243 |
| 610 ## - НЕКОНТРОЛИРУЕМЫЕ ПРЕДМЕТНЫЕ ТЕРМИНЫ |
| Организация и экземпляр, к которому относится поле |
14987 |
| Предметный термин |
18-19 век |
| 610 ## - НЕКОНТРОЛИРУЕМЫЕ ПРЕДМЕТНЫЕ ТЕРМИНЫ |
| Организация и экземпляр, к которому относится поле |
14988 |
| Предметный термин |
18-19 век |
| 610 ## - НЕКОНТРОЛИРУЕМЫЕ ПРЕДМЕТНЫЕ ТЕРМИНЫ |
| Организация и экземпляр, к которому относится поле |
14989 |
| Предметный термин |
18-19 век |
| 700 #1 - ИМЯ ЛИЦА - ПЕРВИЧНАЯ ОТВЕТСТВЕННОСТЬ |
| -- |
ca |
| Начальный элемент ввода |
Жуковский |
| Часть имени, кроме начального элемента ввода |
В. А. |
| Дополнения к именам, кроме дат |
поэт |
| Даты |
1783-1852 |
| Расширение инициалов личного имени |
Василий Андреевич |
| 702 #1 - ИМЯ ЛИЦА - ВТОРИЧНАЯ ОТВЕТСТВЕННОСТЬ |
| Код отношения |
Иллюстратор |
| -- |
ca |
| Начальный элемент ввода |
Майдель |
| Часть имени, кроме начального элемента ввода |
ф.-Л. фон |
| Даты |
1795-1846 |
| Расширение инициалов личного имени |
Фридрих-Людвиг фон |
| 702 #1 - ИМЯ ЛИЦА - ВТОРИЧНАЯ ОТВЕТСТВЕННОСТЬ |
| Код отношения |
Библиографический предшественник |
| Системный номер авторитетной/нормативной записи |
z01790 |
| Начальный элемент ввода |
Ламотт Фуке |
| Часть имени, кроме начального элемента ввода |
Ф.Г.К. |
| Даты |
1777-1843 |
| Расширение инициалов личного имени |
Фридрих Генрих Карл |
| 790 #1 - ИМЯ ЛИЦА - АЛЬТЕРНАТИВНАЯ ФОРМА |
| Системный номер авторитетной/нормативной записи |
z01702 |
| Начальный элемент ввода |
Фуке |
| Часть имени, кроме начального элемента ввода |
Ф. де ла М. |
| Даты |
1777-1843 |
| Расширение инициалов личного имени |
Фридрих де ла Мотт |
| 702 #1 - ИМЯ ЛИЦА - ВТОРИЧНАЯ ОТВЕТСТВЕННОСТЬ |
| Организация и экземпляр, к которому относится поле |
14987 |
| Код отношения |
Бывший владелец |
| Начальный элемент ввода |
Альмединген |
| Расширение инициалов личного имени |
Алексей Николаевич |
| 702 #1 - ИМЯ ЛИЦА - ВТОРИЧНАЯ ОТВЕТСТВЕННОСТЬ |
| Организация и экземпляр, к которому относится поле |
14988 |
| Код отношения |
Бывший владелец |
| Начальный элемент ввода |
Родевич |
| Часть имени, кроме начального элемента ввода |
Всеволод |
| 942 ## - ДОПОЛНИТЕЛЬНЫЕ ЭЛЕМЕНТЫ ЗАПИСИ (KOHA) |
| Тип экземпляра Koha |
Книга |